Nazwy chemiczne witamin - Statystyki

Ogólne statystyki
  • Ten quiz został rozwiązany 213 razy
  • Średni wynik to 10 z 12
Statystyki odpowiedzi
Hint Odpowiedź % Poprawnych
Kwas askorbinowy C
98%
Retinol A
97%
Kalcyferol D
94%
Tokoferol E
89%
Filochinan K
89%
Tiamina B1
88%
Niacyna B3
85%
Kobalamina B12
84%
Ryboflawina B2
84%
Pirydoksyna B6
84%
Kwas foliowy B9
75%
Kwas pantotenowy B5
74%
Nie znaleziono quizów pasujących do podanych kryteriów
Rozkład punktacji
Procent ludzi z każdym wynikiem
Percentyl według liczby udzielonych odpowiedzi
Twoja historia wyników
Nie rozwiązałeś tego quizu